00674nam a2200217 i 4500001001000000003000900010005001700019007000300036008004100039040003000080041000800110082002000118110006500138245004200203264006600245300002700311336002700338337003300365338002800398504003000426000048991DO-SdBNP20251029142340.0ta190712s2009 dr r 000 0 spa d aDO-SdBNPbspacBNPHUerda aspa axxxxbR426i222 aRepública Dominicana.bSecretaria de Estado de Educación00aIndicadores de logro :bprimer grado. aSanto Domingo :bSecretaría de Estdo de Educación,c2009. a55 páginas ;c27 cm. ardacontentbtexto2txt ardamediabsin mediación2n ardacarrierbvolumen2nc aBibliografía : p. 34-40